[Event "Bird`s opening Beatdown?"]
[Site "SchemingMind.com"]
[Date "2015.04.11"]
[Round "-"]
[White "renegade"]
[Black "Michael Christensen"]
[Result "0-1"]
[WhiteCountry "ENG"]
[BlackCountry "GER"]
[WhiteElo "1880"]
[WhiteRD "76"]
[BlackElo "1695"]
[BlackRD "73"]
[GameID "378411"]

1. f4 b6 2. Nf3 Bb7 3. b3 Nf6 4. Bb2 g6 5. e3 Bg7 6. Bb5 a6 7. Be2 O-O 8. d3 Nc6 9. Qd2 d6 10. Nc3 Re8
11. O-O-O e5 12. e4 exf4 13. Qxf4 a5 14. Nb5 a4 15. Bxf6 Bxf6 16. Nxc7 Nd4 17. Nxd4 Bg5 18. Qxg5 Qxg5+ 19. Kb1 axb3 20. axb3 Qa5
21. Kc1 Qa1+ 22. Kd2 Qxd4 23. Nxe8 Rxe8 24. c3 Qf6 25. Rhf1 Qg5+ 26. Kc2 Qxg2 27. Rde1 Ra8 28. Kb1 Qxh2 29. Rh1 Qe5 30. Kb2 Qf4
31. Rd1 d5 32. exd5 Bxd5 33. Rhe1 Qd6 34. b4 Ra2+ 35. Kb1 Ra3 36. Kb2 Ra7 37. Bg4 Qc6 38. c4 Bf3 39. b5 Qa8 40. Bxf3 Qxf3
41. Rd2 Qa8 42. Kc3 Ra3+ 43. Kd4 Qd8+ 44. Ke3 Qe7+ 45. Kf2 Qb4 46. Ree2 Qb1 47. Re1 Qb4 48. Ree2 Qc5+ 49. Re3 Ra1 50. d4 Qxc4
51. d5 Qf1+ 52. Kg3 Qg1+ 53. Kf3 Qh1+ 54. Rg2 Qh3+ 55. Kf2 Ra2+
0-1

[Event "Bird`s opening Beatdown?"]
[Site "SchemingMind.com"]
[Date "2015.04.11"]
[Round "-"]
[White "Michael Christensen"]
[Black "renegade"]
[Result "0-1"]
[WhiteCountry "GER"]
[BlackCountry "ENG"]
[WhiteElo "1683"]
[WhiteRD "69"]
[BlackElo "1924"]
[BlackRD "73"]
[GameID "378412"]

1. f4 b6 2. e4 Bb7 3. Nc3 e6 4. d4 d5 5. e5 c5 6. Nf3 Nh6 7. Bd3 c4 8. Be2 Be7 9. O-O O-O 10. Bd2 Nc6
11. Kh1 Nf5 12. g4 Nfxd4 13. Nxd4 Nxd4 14. g5 Nxe2 15. Nxe2 Bc5 16. h4 d4+ 17. Kh2 Qd5 18. Rg1 d3
0-1

[Event "Bird`s opening Beatdown?"]
[Site "SchemingMind.com"]
[Date "2015.04.12"]
[Round "-"]
[White "Michael Christensen"]
[Black "David Hartley"]
[Result "1-0"]
[WhiteCountry "GER"]
[BlackCountry "ENG"]
[WhiteElo "1691"]
[WhiteRD "69"]
[BlackElo "1795"]
[BlackRD "61"]
[GameID "378413"]

1. f4 f5 2. e4 fxe4 3. d3 Nf6 4. Nc3 exd3 5. Bxd3 d6 6. Nf3 Nc6 7. O-O Be6 8. Qe2 Qd7 9. Ng5 Bg4 10. Qe3 h6
11. Bg6+
1-0

[Event "Bird`s opening Beatdown?"]
[Site "SchemingMind.com"]
[Date "2015.04.12"]
[Round "-"]
[White "David Hartley"]
[Black "Michael Christensen"]
[Result "1-0"]
[WhiteCountry "ENG"]
[BlackCountry "GER"]
[WhiteElo "1793"]
[WhiteRD "61"]
[BlackElo "1683"]
[BlackRD "69"]
[GameID "378414"]

1. f4 b6 2. d3 Bb7 3. e4 e6 4. Nf3 Nc6 5. Be3 d6 6. Nc3 g6 7. Be2 Bg7 8. Qd2 Nge7 9. O-O O-O 10. d4 Re8
11. Nd1 Nc8 12. c3 N6e7 13. e5 dxe5 14. fxe5 Nf5 15. Bg5 Qd5 16. Ne3 Qc6 17. Nxf5 exf5 18. Rf2 Ne7 19. Bh6 Bh8 20. Nh4 f6
21. exf6 Bxf6 22. Bg5 Bh8 23. Bf3 Nd5 24. b3 Qe6 25. c4
1-0

[Event "Bird`s opening Beatdown?"]
[Site "SchemingMind.com"]
[Date "2015.04.12"]
[Round "-"]
[White "Scooter"]
[Black "Michael Christensen"]
[Result "1-0"]
[WhiteCountry "USA"]
[BlackCountry "GER"]
[WhiteElo "1726"]
[WhiteRD "46"]
[BlackElo "1691"]
[BlackRD "69"]
[GameID "378418"]

1. f4 b6 2. Nc3 Bb7 3. Nf3 g6 4. e4 Bg7 5. d4 e6 6. Bd3 Ne7 7. Bd2 O-O 8. Qe2 a6 9. O-O-O d6 10. e5 dxe5
11. fxe5 Nbc6 12. Be4 Qd7 13. Be3 Rfd8 14. Qf2 Nf5 15. Bxf5 exf5 16. h3 f6 17. exf6 Bxf6 18. Ne5 Bxe5 19. dxe5 Qe6 20. Bf4 Nxe5
21. Rxd8+ Rxd8 22. Rd1 Rxd1+ 23. Kxd1 Qd7+ 24. Kc1 Nc4 25. b3 Nd6 26. Qd4 Bxg2 27. h4 Bc6 28. Nd5 Ne8 29. Nf6+ Nxf6 30. Qxf6 Be4
31. Bh6 Qf7 32. Qd8+
1-0

[Event "Bird`s opening Beatdown?"]
[Site "SchemingMind.com"]
[Date "2015.04.12"]
[Round "-"]
[White "Michael Christensen"]
[Black "kenneth m day"]
[Result "1-0"]
[WhiteCountry "GER"]
[BlackCountry "USA"]
[WhiteElo "1683"]
[WhiteRD "69"]
[BlackElo "1692"]
[BlackRD "52"]
[GameID "378419"]

1. f4 e5 2. fxe5 d6 3. exd6 Bxd6 4. Nf3 Bg4 5. e4 Qe7 6. Nc3 Nc6 7. Be2 O-O-O 8. O-O Nf6 9. d4 Nxe4 10. Nxe4 Qxe4
11. Bd3 Qe6 12. Be2 h5 13. Kh1 h4 14. d5 Qd7 15. dxc6 Qxc6 16. Nd4 Bxe2 17. Nxc6 Bxd1 18. Nxd8 Bh5 19. Nxf7 Re8 20. Nxd6+ cxd6
21. h3
1-0

[Event "Bird`s opening Beatdown?"]
[Site "SchemingMind.com"]
[Date "2015.04.12"]
[Round "-"]
[White "kenneth m day"]
[Black "Michael Christensen"]
[Result "1-0"]
[WhiteCountry "USA"]
[BlackCountry "GER"]
[WhiteElo "1769"]
[WhiteRD "52"]
[BlackElo "1691"]
[BlackRD "70"]
[GameID "378420"]

1. f4 b6 2. Nf3 Bb7 3. Nc3 g6 4. d4 Bg7 5. e4 e6 6. Be2 Ne7 7. O-O O-O 8. Be3 d6 9. h4 c5 10. h5 Nd7
11. hxg6 fxg6 12. Ng5 e5 13. Ne6
1-0

[Event "Bird`s opening Beatdown?"]
[Site "SchemingMind.com"]
[Date "2015.04.14"]
[Round "-"]
[White "Michael Christensen"]
[Black "Simon Green"]
[Result "1-0"]
[WhiteCountry "GER"]
[BlackCountry "ENG"]
[WhiteElo "1683"]
[WhiteRD "69"]
[BlackElo "1559"]
[BlackRD "51"]
[GameID "378421"]

1. f4 e6 2. e4 d5 3. exd5 exd5 4. Nf3 Nf6 5. Be2 Be7 6. b3 O-O 7. Bb2 Nc6 8. O-O Qd6 9. Ne5 Nxe5 10. fxe5 Qb6+
11. Kh1 Ne4 12. Qe1 Bc5 13. h3 Bf2 14. Qd1 Ng3+ 15. Kh2 Nxf1+ 16. Qxf1 Bd4 17. c3 Bxe5+ 18. Kh1 Qc6 19. d4 Bg3 20. Nd2 Qg6
21. Bd3 Qg5 22. Nf3 Qe7 23. Rd1 f5 24. Rd2 Qf6 25. Re2 Be6 26. Bc1 h6 27. Ne5 Bxe5 28. Rxe5 c6 29. Qf4 Rae8 30. Re3 g5
31. Rg3 Kh7 32. Qg4 Kg6 33. h4 Rh8 34. hxg5 hxg5+ 35. Kg1 Bd7 36. Bxg5 Qe6 37. Bh4+ Kf7 38. Qg7#
1-0

[Event "Bird`s opening Beatdown?"]
[Site "SchemingMind.com"]
[Date "2015.04.13"]
[Round "-"]
[White "Simon Green"]
[Black "Michael Christensen"]
[Result "0-1"]
[WhiteCountry "ENG"]
[BlackCountry "GER"]
[WhiteElo "1571"]
[WhiteRD "55"]
[BlackElo "1691"]
[BlackRD "69"]
[GameID "378422"]

1. f4 e5 2. fxe5 d6 3. Nf3 Nc6 4. exd6 Bxd6 5. e3 g5 6. d4 g4 7. Nfd2 Qh4+ 8. Ke2 g3 9. Nf3 Bg4 10. h3 O-O-O
11. Ke1 Bxf3 12. Qxf3 Qe7 13. Bd2 Nxd4 14. Qg4+ Ne6 15. Bc4 Nf6 16. Bxe6+ fxe6 17. Qe2 Ne4 18. Nc3 Nxd2 19. Qxd2 Bb4 20. Qe2 Qf6
21. Qc4 Qf2#
0-1

[Event "Bird`s opening Beatdown?"]
[Site "SchemingMind.com"]
[Date "2015.04.12"]
[Round "-"]
[White "Michael Christensen"]
[Black "AlwaysInTears"]
[Result "0-1"]
[WhiteCountry "GER"]
[BlackCountry "RSA"]
[WhiteElo "1691"]
[WhiteRD "69"]
[BlackElo "1839"]
[BlackRD "85"]
[GameID "378423"]

1. f4 e5 2. fxe5 d6 3. exd6 Bxd6 4. Nf3 g5 5. g3 g4 6. Nh4 Nf6 7. d3 Nc6 8. Bg2 Nh5 9. O-O Be6 10. e4 Qe7
11. Nc3 O-O-O 12. Kh1 Nxg3+ 13. hxg3 Bxg3 14. Nd5 Qxh4+
0-1

[Event "Bird`s opening Beatdown?"]
[Site "SchemingMind.com"]
[Date "2015.04.12"]
[Round "-"]
[White "AlwaysInTears"]
[Black "Michael Christensen"]
[Result "1-0"]
[WhiteCountry "RSA"]
[BlackCountry "GER"]
[WhiteElo "1839"]
[WhiteRD "85"]
[BlackElo "1691"]
[BlackRD "69"]
[GameID "378424"]

1. f4 b6 2. e4 Bb7 3. Nc3 d6 4. d4 e6 5. Nf3 Nd7 6. Bd3 g6 7. O-O Bg7 8. e5 c5 9. Bb5 Ne7 10. exd6 Nf5
11. dxc5 bxc5 12. Ne5 Bxe5 13. fxe5 O-O 14. g4 Nd4 15. Bh6 Re8 16. Qe1 Nf3+ 17. Rxf3 Bxf3 18. Qg3 Bb7 19. Rf1 Qb6 20. Bxd7 c4+
21. Be3 Qxb2 22. Bxe8 Qxc3 23. Bxf7+ Kh8 24. Qf4 h5 25. Qh6#
1-0

[Event "Bird`s opening Beatdown?"]
[Site "SchemingMind.com"]
[Date "2015.04.17"]
[Round "-"]
[White "renegade"]
[Black "Beefmaster"]
[Result "1-0"]
[WhiteCountry "ENG"]
[BlackCountry "USA"]
[WhiteElo "1924"]
[WhiteRD "73"]
[BlackElo "1552"]
[BlackRD "77"]
[GameID "378724"]

1. f4 d5 2. b3 e6 3. Bb2 f6 4. e3 Bd6 5. Bd3 Ne7 6. Qh5+ g6 7. Qh6 Qd7 8. Qg7 Rg8 9. Qxh7 f5 10. Bf6 Rf8
11. Bxe7 Bxe7 12. Qxg6+ Rf7 13. Be2 Bf8 14. Bh5 Bg7 15. Qxg7 Nc6 16. Qg8+ Ke7 17. Qxf7+ Kd6 18. Qf6 b6 19. Nc3 Ba6 20. O-O-O Rg8
21. Nf3 Rxg2 22. Ne5 Nxe5 23. fxe5+ Kc6 24. Bf3 Rf2 25. Bxd5+ Kc5 26. Bxe6 Qh7 27. d4+ Kb4 28. Kb2 f4 29. a3+ Ka5 30. b4#
1-0

[Event "Bird`s opening Beatdown?"]
[Site "SchemingMind.com"]
[Date "2015.04.22"]
[Round "-"]
[White "Beefmaster"]
[Black "renegade"]
[Result "0-1"]
[WhiteCountry "USA"]
[BlackCountry "ENG"]
[WhiteElo "1552"]
[WhiteRD "77"]
[BlackElo "1924"]
[BlackRD "73"]
[GameID "378725"]

1. f4 b6 2. e3 Bb7 3. b3 e6 4. Bb2 Nf6 5. Nc3 Be7 6. Qe2 O-O 7. O-O-O d5 8. h4 d4 9. exd4 Qxd4 10. Nh3 Na6
11. Nb5 Qe4 12. Qf2 Nb4 13. d3 Qc6 14. Nd4 Nxa2+ 15. Kd2 Bb4+ 16. c3 Bxc3+ 17. Bxc3 Qxc3+ 18. Ke3 Ng4+ 19. Ke2 Nxf2 20. Kxf2 Qxd4+
21. Kg3 Nc3 22. Re1 a5 23. Ng5 a4 24. bxa4 Rxa4 25. Kh2 Qxf4+ 26. Kg1 Qd4+ 27. Kh2 Qxh4+ 28. Nh3 Qxe1 29. d4 Ra2 30. Bc4 Rxg2#
0-1

[Event "Bird`s opening Beatdown?"]
[Site "SchemingMind.com"]
[Date "2015.04.22"]
[Round "-"]
[White "David Hartley"]
[Black "Beefmaster"]
[Result "0-1"]
[WhiteCountry "ENG"]
[BlackCountry "USA"]
[WhiteElo "1773"]
[WhiteRD "62"]
[BlackElo "1549"]
[BlackRD "79"]
[GameID "378728"]

1. f4 e6 2. e4 Bc5 3. Nf3 b6 4. Be2 Nf6 5. d4 Bb4+ 6. c3 Be7 7. e5 Ne4 8. Nbd2 Nxd2 9. Bxd2 Ba6 10. Bxa6 Nxa6
11. O-O O-O 12. Qa4 Qc8 13. Qc4 c5 14. Qe2 c4 15. b3 b5 16. bxc4 bxc4 17. a4 d5 18. exd6 Bxd6 19. Be3 Rb8 20. Qa2 Rb3
21. Rfc1 Qc7 22. g3 Qa5 23. Nd2 Rxc3 24. Nxc4 Rxc1+ 25. Rxc1 Qd5 26. Qe2 Nb4 27. Nxd6 Qxd6 28. Qd1 Nd5 29. Bf2 g6 30. Rc2 Qa6
31. Rc1 Qa5 32. Rc5 Qb4 33. Rb5 Qd6 34. Qb3 a6 35. Rc5 Rb8 36. Qc2 Kg7 37. Rc6 Rb1+ 38. Qxb1 Qxc6 39. a5 Qc3 40. Qa2 Ne3
41. Qe2 Nc4 42. Be1 Qxd4+ 43. Bf2 Qa1+ 44. Kg2 Nxa5 45. Qxa6 Qa2 46. Kf3 Qd5+ 47. Ke2 Nb3 48. Qa7 Qg2 49. h4 Nc1+ 50. Kd2 Nb3+
51. Kc3 Nc1 52. Qd4+ Kh6 53. Qd2 Qf1 54. f5+ Kg7 55. f6+ Kxf6 56. Qg5+ Kg7 57. Bd4+ f6
0-1

[Event "Bird`s opening Beatdown?"]
[Site "SchemingMind.com"]
[Date "2015.04.20"]
[Round "-"]
[White "Beefmaster"]
[Black "David Hartley"]
[Result "1-0"]
[WhiteCountry "USA"]
[BlackCountry "ENG"]
[WhiteElo "1614"]
[WhiteRD "81"]
[BlackElo "1795"]
[BlackRD "61"]
[GameID "378729"]

1. f4 f5 2. b3 e6 3. Bb2 Nf6 4. e3 Be7 5. Nc3 O-O 6. Qf3 Nc6 7. O-O-O b6 8. Bc4 a6 9. h4 d5 10. Bd3 Qd7
11. Qg3 Nh5 12. Qf3 Nf6 13. h5 Ng4 14. Nh3 e5 15. Nxd5 e4 16. Bxe4 fxe4 17. Qxe4 Qf5 18. Nxe7+
1-0

[Event "Bird`s opening Beatdown?"]
[Site "SchemingMind.com"]
[Date "2015.04.22"]
[Round "-"]
[White "Scooter"]
[Black "Beefmaster"]
[Result "1-0"]
[WhiteCountry "USA"]
[BlackCountry "USA"]
[WhiteElo "1716"]
[WhiteRD "45"]
[BlackElo "1615"]
[BlackRD "80"]
[GameID "378732"]

1. f4 e6 2. e4 Bd6 3. g3 e5 4. d3 exf4 5. gxf4 Qh4+ 6. Ke2 Bxf4 7. Nf3 Qf6 8. Bxf4 Qxf4 9. Bh3 Nf6 10. Qd2 Qd6
11. e5 Qe7 12. Qe3 Nd5 13. Qe4 Qc5 14. c4 Nb4 15. Nc3 O-O 16. a3 N4c6 17. b4 Qe7 18. Nd5 Qd8 19. b5 Na5 20. Bf5 g6
21. Bg4 c6 22. Nf6+ Kh8 23. Ng5 d5 24. cxd5 cxd5 25. Qf4 Bxg4+ 26. Nxg4 Qc8 27. Nxf7+ Kg7 28. Qf6+ Kg8 29. Ngh6#
1-0

[Event "Bird`s opening Beatdown?"]
[Site "SchemingMind.com"]
[Date "2015.04.22"]
[Round "-"]
[White "Beefmaster"]
[Black "Scooter"]
[Result "0-1"]
[WhiteCountry "USA"]
[BlackCountry "USA"]
[WhiteElo "1552"]
[WhiteRD "77"]
[BlackElo "1712"]
[BlackRD "45"]
[GameID "378733"]

1. f4 d5 2. e3 g6 3. Qe2 Bg7 4. g3 Nf6 5. d4 Bg4 6. Qb5+ Nbd7 7. Qxb7 O-O 8. Bg2 e6 9. Nc3 a6 10. Qc6 Nb6
11. Qc5 Re8 12. Qa5 Bf8 13. h3 Nc4 14. Qa4 Nb6 15. Qb3 Bf5 16. g4 Be4 17. Nxe4 Nxe4 18. Bxe4 dxe4 19. g5 Nd5 20. Bd2 Rb8
21. Qa4 Rxb2 22. Qxa6 Rxc2 23. Ne2 Bb4 24. Bxb4 Nxb4 25. Qa5 Nd3+ 26. Kf1 Qd5 27. Qxd5 exd5 28. a4 Ra8 29. h4 Nb2 30. a5 Nc4
31. a6 Nxe3+ 32. Kf2 Nf5 33. Kf1 Rxe2 34. Kxe2 Ng3+ 35. Kd2 Nxh1 36. Rxh1 Rxa6 37. h5 Ra2+ 38. Ke3 gxh5 39. Rxh5 Ra3+ 40. Ke2 Rd3
41. Rh6 Rxd4 42. Rc6 Rc4 43. Ra6 c6 44. f5 Kg7 45. Ke3 Rc3+ 46. Kd4 Rc1 47. Rb6 h6 48. gxh6+ Kxh6 49. Rb7 f6 50. Rb2 Kg5
51. Rf2 Rc4+ 52. Ke3 c5 53. Rd2 Rc3+ 54. Ke2 d4 55. Kf1 Kxf5 56. Rf2+ Rf3 57. Rxf3+ exf3 58. Kf2 Ke4
0-1

[Event "Bird`s opening Beatdown?"]
[Site "SchemingMind.com"]
[Date "2015.04.22"]
[Round "-"]
[White "Beefmaster"]
[Black "kenneth m day"]
[Result "0-1"]
[WhiteCountry "USA"]
[BlackCountry "USA"]
[WhiteElo "1614"]
[WhiteRD "81"]
[BlackElo "1733"]
[BlackRD "54"]
[GameID "378734"]

1. f4 e5 2. fxe5 d6 3. Nf3 dxe5 4. Nxe5 Bd6 5. Nc4 Qh4+ 6. g3 Qxc4 7. e3 Qe4 8. Rg1 Nf6 9. d3 Qg4 10. Qxg4 Bxg4
11. e4 O-O 12. b3 Be5 13. c3 c5 14. Be3 Nc6 15. Bxc5 Rfe8 16. d4 Nxe4 17. Bd3 Nxc5 18. Kd2 Nxd4 19. cxd4 Bxd4 20. Bb5 Red8
21. Nc3 Bxg1+ 22. Kc2 Bf5+ 23. Kb2 Bxh2 24. Rf1 Bg6 25. g4 Rd2+ 26. Ka3 Rad8 27. g5 Bd3 28. Bxd3 Nxd3 29. Rf5 Bd6+ 30. b4 Bxb4+
31. Kb3 Rb2+ 32. Kc4 a5 33. Rf3 Ne5+ 34. Kb5 Nxf3 35. Na4 Rc2 36. Kb6 Rd7 37. a3 Rc6+ 38. Kb5 Nd4#
0-1

[Event "Bird`s opening Beatdown?"]
[Site "SchemingMind.com"]
[Date "2015.04.17"]
[Round "-"]
[White "kenneth m day"]
[Black "Beefmaster"]
[Result "1-0"]
[WhiteCountry "USA"]
[BlackCountry "USA"]
[WhiteElo "1792"]
[WhiteRD "50"]
[BlackElo "1631"]
[BlackRD "76"]
[GameID "378735"]

1. f4 d5 2. Nf3 e6 3. d4 Nf6 4. Nbd2 Bd6 5. e3 O-O 6. Ne5 Bxe5 7. fxe5 Ne4 8. Bd3 Nxd2 9. Bxd2 Qg5 10. O-O c6
11. e4 Qh4 12. Rf4 Qd8 13. Qh5 Qb6 14. exd5 g6 15. Qh6 f5 16. exf6 Qc7 17. Bb4 Rd8 18. Be7 Kf7 19. Qg7+ Ke8 20. f7+ Kxe7
21. f8=Q#
1-0

[Event "Bird`s opening Beatdown?"]
[Site "SchemingMind.com"]
[Date "2015.04.22"]
[Round "-"]
[White "Beefmaster"]
[Black "Simon Green"]
[Result "0-1"]
[WhiteCountry "USA"]
[BlackCountry "ENG"]
[WhiteElo "1552"]
[WhiteRD "77"]
[BlackElo "1559"]
[BlackRD "51"]
[GameID "378736"]

1. f4 e6 2. e3 d5 3. b3 Nc6 4. Bb2 Nf6 5. Nc3 Be7 6. Qe2 O-O 7. O-O-O a6 8. g4 e5 9. Bg2 Bxg4 10. Nf3 e4
11. h3 Bxf3 12. Bxf3 exf3 13. Qxf3 Qd6 14. Rhg1 b5 15. Qg2 g6 16. f5 Ne5 17. fxg6 fxg6 18. h4 Nh5 19. Nxd5 Nf3 20. Nxe7+ Qxe7
21. Rh1 Rf5 22. Rdf1 Raf8 23. Kb1 Nxd2+ 24. Qxd2 Rxf1+ 25. Rxf1 Rxf1+ 26. Bc1 Qxh4 27. Qd5+ Rf7 28. Qa8+ Kg7 29. Qxa6 Qb4 30. Bb2+ Kh6
31. Ba3 Rf1+ 32. Bc1 Qe1 33. Qa3 Qxe3 34. Qb2 Qxc1+ 35. Qxc1+ Rxc1+ 36. Kxc1 Kg5 37. c4 c6 38. a4 bxc4 39. bxc4 c5 40. a5 Nf6
41. a6 Nd7 42. Kc2 Nb6 43. Kd3 Kg4 44. Ke4 h5 45. a7 h4 46. Ke5 h3 47. Kd6 h2 48. Kxc5 Na8 49. Kb5 h1=Q 50. Ka6 Qc6+
51. Ka5 Nc7 52. Kb4 Kf4 53. c5 Ke4
0-1

[Event "Bird`s opening Beatdown?"]
[Site "SchemingMind.com"]
[Date "2015.04.22"]
[Round "-"]
[White "Simon Green"]
[Black "Beefmaster"]
[Result "0-1"]
[WhiteCountry "ENG"]
[BlackCountry "USA"]
[WhiteElo "1559"]
[WhiteRD "51"]
[BlackElo "1552"]
[BlackRD "77"]
[GameID "378737"]

1. f4 e6 2. e3 Bd6 3. Nf3 Nf6 4. d4 O-O 5. Bd3 b6 6. O-O Bb7 7. Nbd2 c5 8. c3 Ba6 9. Bxa6 Nxa6 10. Qe2 Nc7
11. Ne5 Nfd5 12. Ndf3 cxd4 13. exd4 Qf6 14. Nxd7 Qf5 15. Nxf8 Bxf8 16. Ne5 Bd6 17. Bd2 Ne8 18. c4 Ndf6 19. Rae1 a5 20. a3 Nc7
21. b4 axb4 22. axb4 Ra2 23. Rf2 Bxb4 24. Qe3 Bxd2 25. Rxd2 Ra5 26. Rd3 h6 27. Rb3 b5 28. cxb5 Nxb5 29. Nc6 Nd5 30. Qd2 Ra8
31. Rxb5 Kh7 32. Ne5 Nxf4 33. Rf1 g5 34. g3 Nh3+ 35. Kg2 Qe4+ 36. Rf3 g4 37. Nxg4 Qxg4 38. Rxf7+ Kg6 39. Rbb7 Kh5 40. Rb5+ Ng5
41. Qe3 Ra2+ 42. Kf1 Qd1+ 43. Qe1 Qd3+ 44. Kg1 Qxb5 45. g4+ Kxg4 46. Qg3+ Kh5 47. h4 Nxf7
0-1

[Event "Bird`s opening Beatdown?"]
[Site "SchemingMind.com"]
[Date "2015.04.17"]
[Round "-"]
[White "AlwaysInTears"]
[Black "Beefmaster"]
[Result "1-0"]
[WhiteCountry "RSA"]
[BlackCountry "USA"]
[WhiteElo "1886"]
[WhiteRD "85"]
[BlackElo "1631"]
[BlackRD "76"]
[GameID "378739"]

1. f4 d5 2. Nf3 e6 3. b3 Qf6 4. d4 Bd6 5. e3 Ne7 6. Bd3 Nf5 7. O-O O-O 8. c4 dxc4 9. bxc4 Nc6 10. c5 Be7
11. Nc3 Nh4 12. Ng5 g6 13. Qe1 Nb4 14. Bb1 b6 15. Nce4 Qg7 16. Qxb4 Ba6 17. Rd1 Bxg5 18. fxg5 Be2 19. Rd2 Ba6 20. Bb2 Rfd8
21. Nf6+ Kh8 22. d5 Nf5 23. Ne8 Rxe8 24. Bxg7+ Kxg7 25. g4 Ne7 26. d6 bxc5 27. Qc3+ Kg8 28. dxe7 Rxe7 29. Qxc5 Kf8 30. Qc6 Rb8
31. Qxa6 Rb4 32. e4 c5 33. Qc8+ Kg7 34. Qxc5 Rbb7 35. Qe5+ f6 36. Qxf6+ Kg8 37. Rd8+
1-0